[Event "BCF-chT4 0607 (4NCL)"]
[Site "Sunningdale"]
[Date "2007.02.11"]
[Round "6.1"]
[White "Cooley, Christopher Martin"]
[Black "Noden, Nicolas"]
[Result "1-0"]
[WhiteElo "2255"]
[BlackElo "2185"]
[PlyCount "49"]
[EventDate "2006.09.16"]
[EventType "team-tourn"]
[EventRounds "11"]
[EventCountry "ENG"]
[SourceTitle "EXT 2008"]
[Source "ChessBase"]
[SourceDate "2007.11.25"]
[SourceVersion "1"]
[SourceVersionDate "2007.11.25"]
[SourceQuality "1"]
[WhiteTeam "Jutes of Kent"]
[BlackTeam "Metropolitan"]
[WhiteTeamCountry "ENG"]
[BlackTeamCountry "ENG"]

1. e4 c5 2. c3 Nf6 3. e5 Nd5 4. d4 cxd4 5. Nf3 e6 6. cxd4 b6 7. Nc3 Nxc3 8. bxc3 Qc7 9. Bd2 Bb7 10. Bd3 d6 11. Qe2 Nd7 12. 0-0 Be7 13. Rfe1 dxe5 14. Ng5 h6 15. Qh5 0-0 16. Nh7 Rfd8 17. Bxh6 e4 18. Bxg7 Qf4 19. Bxe4 Bxe4 20. Rxe4 Qf5 21. Nf6+ Kxg7 22. Rg4+ Qg6 23. Qh7+ Kxf6 24. Rf4+ Qf5 25. Qh6# 1-0

[Event "BCF-chT4 0607 (4NCL)"]
[Site "Sunningdale"]
[Date "2007.02.10"]
[Round "5.1"]
[White "Noden, Nicolas"]
[Black "Richmond, Robert"]
[Result "1/2-1/2"]
[WhiteElo "2185"]
[BlackElo "2227"]
[PlyCount "80"]
[EventDate "2006.09.16"]
[EventType "team-tourn"]
[EventRounds "11"]
[EventCountry "ENG"]
[SourceTitle "EXT 2008"]
[Source "ChessBase"]
[SourceDate "2007.11.25"]
[SourceVersion "1"]
[SourceVersionDate "2007.11.25"]
[SourceQuality "1"]
[WhiteTeam "Metropolitan"]
[BlackTeam "Notts"]
[WhiteTeamCountry "ENG"]
[BlackTeamCountry "ENG"]

1. c4 f5 2. g3 Nf6 3. Bg2 d6 4. Nc3 g6 5. d3 Bg7 6. e4 fxe4 7. dxe4 Nc6 8. Nge2 0-0 9. 0-0 e5 10. h3 Be6 11. Nd5 Nd4 12. Be3 c5 13. g4 Nxd5 14. exd5 Nxe2+ 15. Qxe2 Bd7 16. Qd2 b5 17. b3 Rb8 18. Bg5 Bf6 19. Bh6 Rf7 20. Be4 bxc4 21. bxc4 Rb4 22. Qd3 Be8 23. Kg2 Bh4 24. Bd2 Rb8 25. Rab1 Bf6 26. Rxb8 Qxb8 27. Rb1 Rb7 28. Rxb7 Qxb7 29. Qb3 Qb6 30. Bc3 Bg5 31. Bc2 Bd7 32. Qb1 Qxb1 33. Bxb1 Bd8 34. Bc2 Kf7 35. Kg3 Bc8 36. h4 Ba6 37. Bd3 Bc8 38. Bc2 Ba6 39. Bd3 Bc8 40. Bc2 Ba6 1/2-1/2

[Event "BCF-chT4 0607 (4NCL)"]
[Site "Sunningdale"]
[Date "2006.12.03"]
[Round "4.1"]
[White "Shaw, David A"]
[Black "Noden, Nicolas"]
[Result "0-1"]
[WhiteElo "2201"]
[BlackElo "2185"]
[PlyCount "112"]
[EventDate "2006.09.16"]
[EventType "team-tourn"]
[EventRounds "11"]
[EventCountry "ENG"]
[SourceTitle "EXT 2008"]
[Source "ChessBase"]
[SourceDate "2007.11.25"]
[SourceVersion "1"]
[SourceVersionDate "2007.11.25"]
[SourceQuality "1"]
[WhiteTeam "Oxford II"]
[BlackTeam "Metropolitan"]
[WhiteTeamCountry "ENG"]
[BlackTeamCountry "ENG"]

1. e4 c5 2. Nf3 d6 3. d4 cxd4 4. Nxd4 Nf6 5. Nc3 a6 6. Be3 e6 7. f3 Be7 8. Qd2 Nc6 9. g4 0-0 10. h4 Nxd4 11. Bxd4 b5 12. 0-0-0 b4 13. Ne2 e5 14. Be3 Qa5 15. Kb1 Be6 16. Nc1 Nd7 17. g5 Nc5 18. h5 Rab8 19. Nb3 Qc7 20. g6 a5 21. h6 fxg6 22. hxg7 Rf7 23. Nxc5 dxc5 24. Rxh7 Rxg7 25. Rxg7+ Kxg7 26. Qh2 Rh8 27. Qg3 Bh4 28. Qg1 Qf7 29. Bxc5 Bxa2+ 30. Ka1 Be6 31. Bd6 Bf6 32. Bd3 Qd7 33. Bc5 Qa4+ 34. Kb1 Qa2+ 35. Kc1 Qa1+ 36. Kd2 Qxb2 37. Ke2 Qc3 38. Be3 Bc4 39. Bd2 Bxd3+ 40. cxd3 Qd4 41. Be3 Qd7 42. f4 exf4 43. Bxf4 Bd4 44. Qg3 Rh3 45. Be5+ Kh7 46. Qf4 Bxe5 47. Qxe5 a4 48. Qf4 b3 49. Rc1 Qxd3+ 50. Kf2 Rf3+ 51. Qxf3 Qxf3+ 52. Kxf3 b2 53. Rh1+ Kg7 54. e5 a3 55. e6 Kf6 56. Re1 Ke7 0-1

[Event "BCF-chT4 0506 (4NCL)"]
[Site "West Bromwich"]
[Date "2006.02.12"]
[Round "6.1"]
[White "Shaw, Robert"]
[Black "Noden, Nicolas"]
[Result "0-1"]
[WhiteElo "2240"]
[BlackElo "2150"]
[PlyCount "120"]
[EventDate "2005.11.05"]
[EventType "team-tourn"]
[EventRounds "11"]
[EventCountry "ENG"]
[SourceTitle "CBM 109 Extra"]
[Source "ChessBase"]
[SourceDate "2006.01.03"]
[SourceVersion "2"]
[SourceVersionDate "2006.01.03"]
[SourceQuality "1"]
[WhiteTeam "Cheddleton"]
[BlackTeam "Metropolitan"]
[WhiteTeamCountry "ENG"]
[BlackTeamCountry "ENG"]

1. d4 d6 2. e4 g6 3. Nc3 Bg7 4. Nf3 a6 5. a4 Bg4 6. Be3 Nc6 7. Be2 e5 8. d5 Nce7 9. Nd2 Bxe2 10. Qxe2 Nf6 11. 0-0-0 0-0 12. f4 exf4 13. Bxf4 Qd7 14. Nf3 b5 15. e5 dxe5 16. Nxe5 Qf5 17. Rhf1 Nh5 18. Nd3 Nxd5 19. Bd2 Nxc3 20. Bxc3 Qg5+ 21. Bd2 Qd5 22. Nb4 Qc5 23. Qf3 Rad8 24. Nd3 Qc4 25. Kb1 bxa4 26. g4 a3 27. gxh5 a2+ 28. Ka1 Qxc2 29. Bc3 Bxc3 30. Rc1 Qxd3 31. Rxc3 Qxf3 32. Rfxf3 Rd7 33. Rf6 a5 34. h6 Rb8 35. Kxa2 Kf8 36. Ra6 Rd2 37. Rxc7 Rdxb2+ 38. Ka3 Rxh2 39. Rf6 Rh3+ 40. Ka4 Rh4+ 41. Kxa5 Rxh6 42. Ka6 Rh1 43. Ka7 Rb2 44. Rcxf7+ Kg8 45. Rf8+ Kg7 46. R8f7+ Kh6 47. Ra6 Rhh2 48. Rd6 Rb5 49. Ra6 Kg5 50. Ra1 h5 51. Ka6 Rbb2 52. Rg1+ Rhg2 53. Rd1 Rg3 54. Ra1 Kg4 55. Rh7 Rf2 56. Rh1 g5 57. Kb5 h4 58. Kc4 Kf3 59. Kd5 Kg2 60. Rb1 h3 0-1

[Event "BCF-chT4b 0405 (4NCL)"]
[Site "Telford"]
[Date "2005.01.16"]
[Round "4.1"]
[White "Noden, Nicolas"]
[Black "Saunders, Walter NR"]
[Result "1-0"]
[WhiteElo "2229"]
[BlackElo "2086"]
[PlyCount "79"]
[EventDate "2004.11.06"]
[EventType "team-tourn"]
[EventRounds "11"]
[EventCountry "ENG"]
[SourceTitle "EXT 2006"]
[Source "ChessBase"]
[SourceDate "2005.11.24"]
[SourceVersion "1"]
[SourceVersionDate "2005.11.24"]
[SourceQuality "1"]
[WhiteTeam "Metropolitan"]
[BlackTeam "Pontypridd"]
[WhiteTeamCountry "ENG"]
[BlackTeamCountry "ENG"]

1. c4 e5 2. g3 Nc6 3. Bg2 g6 4. Nc3 Bg7 5. e4 d6 6. Nge2 Nge7 7. d3 0-0 8. 0-0 f5 9. Be3 Be6 10. Qd2 Qd7 11. Nd5 Nd4 12. Nxe7+ Qxe7 13. Bxd4 exd4 14. exf5 Bxf5 15. Bxb7 Rab8 16. Bg2 Qd7 17. Rae1 Be5 18. Kh1 a5 19. b3 c6 20. f4 Bf6 21. Ng1 Rb4 22. Nf3 Rfb8 23. Qc2 a4 24. Nd2 axb3 25. axb3 Kg7 26. Ra1 h5 27. Ra6 Rc8 28. Rfa1 Rc7 29. Ne4 Be7 30. Qb2 c5 31. Nf2 Qe6 32. Ne4 Qd7 33. R6a4 Rb6 34. b4 Kh6 35. b5 d5 36. Nf2 dxc4 37. dxc4 Qe6 38. Ra6 Rxa6 39. bxa6 Ra7 40. Qb8 1-0

[Event "BCF-chT4 0203 fin (4NCL)"]
[Site "Telford"]
[Date "2003.05.25"]
[Round "10.2"]
[White "Savage, Ben D"]
[Black "Noden, Nicolas"]
[Result "1-0"]
[WhiteElo "2182"]
[BlackElo "2196"]
[PlyCount "133"]
[EventDate "2003.04.??"]
[EventType "team-tourn"]
[EventRounds "3"]
[EventCountry "ENG"]
[SourceTitle "EXT 2004"]
[Source "ChessBase"]
[SourceDate "2003.11.25"]
[SourceVersion "1"]
[SourceVersionDate "2003.11.25"]
[SourceQuality "1"]
[WhiteTeam "Wood Green III"]
[BlackTeam "Metropolitan"]
[WhiteTeamCountry "ENG"]
[BlackTeamCountry "ENG"]

1. Nf3 g6 2. d4 Nf6 3. Nc3 d5 4. Bf4 Bg7 5. e3 0-0 6. Be2 c6 7. Ne5 Nfd7 8. Nf3 Nf6 9. h3 Nbd7 10. 0-0 Re8 11. Ne5 Qb6 12. Rb1 Nf8 13. Na4 Qd8 14. c4 Ne6 15. Bh2 dxc4 16. Bxc4 Rf8 17. Nc3 Nd5 18. Nxd5 cxd5 19. Bb3 b6 20. Nc6 Qd7 21. Bxd5 Ba6 22. Nb4 Bxf1 23. Bxa8 Bb5 24. Bf3 a5 25. Nd3 Rc8 26. Be2 Ba4 27. b3 Bc6 28. Rc1 Ra8 29. Rxc6 Qxc6 30. Bf3 Qc8 31. Bxa8 Qxa8 32. Qc2 h5 33. Be5 Qe4 34. Bxg7 Kxg7 35. Nb4 Qh4 36. Nd5 b5 37. Nc3 b4 38. Ne2 Qg5 39. Qe4 Qf6 40. f4 Qh4 41. Kf1 Kh7 42. Qe5 Ng7 43. Qg5 Qxg5 44. fxg5 h4 45. Nf4 Nf5 46. Ke2 Nd6 47. Kd3 Nb5 48. Nd5 e6 49. Nf6+ Kg7 50. Ne4 Nc7 51. Nd2 Nd5 52. Nf3 Nc3 53. a3 f6 54. gxf6+ Kxf6 55. e4 g5 56. Ne5 Na2 57. Nd7+ Ke7 58. Nc5 Kf6 59. Ke3 Nc1 60. Kd2 Na2 61. Nb7 Nc3 62. Kd3 g4 63. Nxa5 g3 64. Nc6 Kg5 65. Ke3 Nd1+ 66. Kf3 Nc3 67. a4 1-0

[Event "BCF-chT4 0203 (4NCL)"]
[Site "Telford"]
[Date "2003.01.18"]
[Round "3.1"]
[White "Almond, Richard"]
[Black "Noden, Nicolas"]
[Result "1/2-1/2"]
[WhiteElo "2127"]
[BlackElo "2196"]
[PlyCount "102"]
[EventDate "2002.11.??"]
[EventType "team"]
[EventRounds "7"]
[EventCountry "ENG"]
[SourceTitle "EXT 2004"]
[Source "ChessBase"]
[SourceDate "2003.11.25"]
[SourceVersion "1"]
[SourceVersionDate "2003.11.25"]
[SourceQuality "1"]
[WhiteTeam "Sussex Mindsports"]
[BlackTeam "Metropolitan"]
[WhiteTeamCountry "ENG"]
[BlackTeamCountry "ENG"]

1. d4 Nf6 2. c4 g6 3. Nc3 Bg7 4. e4 d6 5. Nf3 0-0 6. Be2 e5 7. 0-0 Nbd7 8. Qc2 c6 9. Rd1 Qe7 10. Bg5 h6 11. Bh4 g5 12. Bg3 Nh5 13. d5 c5 14. a3 Nf4 15. b4 h5 16. h3 Qf6 17. Ne1 Qg6 18. Rab1 Bf6 19. Rb3 Kg7 20. Nd3 b6 21. f3 Be7 22. Be1 Rh8 23. Nf2 Nf6 24. bxc5 bxc5 25. Nb1 Bd7 26. Rc3 Ba4 27. Qd2 Nxe2+ 28. Qxe2 Bxd1 29. Qxd1 Rab8 30. Nd2 Rb7 31. Nf1 Rhb8 32. Ne3 Kh7 33. Nf5 Ng8 34. Bd2 Bd8 35. Bc1 Ba5 36. Rd3 Rb1 37. Kh2 Bd8 38. Qd2 a5 39. Nd1 R1b7 40. Nc3 Rd7 41. Nb5 Nh6 42. Nxh6 Qxh6 43. g4 Kg7 44. a4 Qf6 45. Qg2 Be7 46. Bd2 Rh8 47. Rb3 Rdd8 48. Rd3 Rh7 49. Rb3 Rdh8 50. Rd3 Bd8 51. Rb3 Rh6 1/2-1/2

[Event "BCF-chT qual (4NCL)"]
[Site "England"]
[Date "2002.06.02"]
[Round "2"]
[White "Noden, Nicolas"]
[Black "Rutter, Nicholas J"]
[Result "1/2-1/2"]
[WhiteElo "2205"]
[BlackElo "2133"]
[PlyCount "53"]
[EventDate "2002.06.??"]
[EventType "team-tourn"]
[EventRounds "8"]
[EventCountry "ENG"]
[SourceTitle "EXT 2005"]
[Source "ChessBase"]
[SourceDate "2004.11.15"]
[SourceVersion "1"]
[SourceVersionDate "2004.11.15"]
[SourceQuality "1"]
[WhiteTeam "Metropolitan"]
[BlackTeam "Wessex"]
[WhiteTeamCountry "ENG"]
[BlackTeamCountry "ENG"]

1. e4 c5 2. Nf3 Nc6 3. Bb5 e6 4. 0-0 Nge7 5. c3 a6 6. Ba4 b5 7. Bc2 Bb7 8. d4 cxd4 9. Nxd4 Ng6 10. a4 bxa4 11. Bxa4 Qc7 12. Na3 Bc5 13. Be3 Nxd4 14. Bxd4 0-0 15. Bc2 d5 16. exd5 Bxd5 17. Bxg6 hxg6 18. c4 Bb7 19. Bxc5 Qxc5 20. Qe1 Qd4 21. Qe2 Rad8 22. Rfd1 Qb6 23. Qc2 Qc5 24. Rxd8 Rxd8 25. Rd1 Rxd1+ 26. Qxd1 Qc6 27. Qd8+ 1/2-1/2